000 01122nam a2200253 a 4500
001 64822
003 BD-RjUL
005 20211209081344.0
008 170222s1994 bg |||| |||| 000 0 ben d
020 _a9840744662
_c: Tk. 90.00
035 _a(BD-RjUL)64952
040 _aBD-RjUL
_bben
_cBD-RjUL
_dBD-RjUL
041 _aben
082 _223
_a954.922
_bKAM 1994
100 1 _aকরিম, আবদুল
_9170404
245 1 _aমোগল রাজধানী ঢাকা /
_cকরিম, আবদুল ; অনুবাদক- মোহাম্মদ মুহিবউল্ল্যাহ ছিাদ্দকী
260 _aঢাকা :
_bবাংলা একাডেমী ;
_c১৯৯৪ [১৪০১]
300 _a৯৫ পৃ. ;
_c১৯ সেমি.
504 _aগ্রন্থপঞ্জি সংযুক্ত
651 _aঢাকা (বাংলাদেশ)
_xইতিহাস
_9192191
651 _aDhaka (Bangladesh)
_xHistory
_9192192
700 _a ছিাদ্দকী, মোহাম্মদ মুহিবউল্ল্যাহ
_9192193
942 _2ddc
_cBK
999 _c64822
_d64822